000 00495nam a2200133Ia 4500
001 875
008 241024s9999 xx 000 0 und d
082 _aRD/370.97293/R426a/2008/1
100 _aRepública Dominicana.Secretaría de Estado de Educación
245 0 _aAcciones de Impacto de las instancias de la Subsecretaría de Asuntos Técnico-Pedagógicos Octubre-Diciembre
260 _bsubsecretaria de Asuntos Técnicos Pedagógicos
_c2008
901 _a8/12/2010 10:00:54 a.m.
999 _c9119
_d9119